| 000 | 01049cam a2200337 ia4500 | ||
|---|---|---|---|
| 999 |
_c122041 _d122041 |
||
| 001 | C2-0321604 | ||
| 003 | PPAK | ||
| 005 | 20200227221654.0 | ||
| 008 | 130224r20182011nyuabo j 1 eng d | ||
| 020 |
_a9781489658005 _a9781616900038 _qhardback _cRM119.30 |
||
| 040 |
_aPPAK _beng _cPPAK _dPPAK _erda |
||
| 082 | 0 | 4 |
_a551.48 _223 |
| 090 | 0 | 0 |
_a551.48 _bPUR _dR |
| 090 | 2 | 0 |
_a551.48 _bPUR _dK |
| 100 | 1 |
_aPurslow, Frances, _eauthor. |
|
| 245 | 1 | 0 |
_aThe Water Cycle / _cFrances Purslow |
| 264 | 1 |
_aNew York, NY : _bAV2 by Weigl , _c2011 _c[2018] |
|
| 264 | 4 | _c©2018 | |
| 300 |
_a24 pages : _bcolour illustrations, color map, colour photographs ; _c27 cm |
||
| 336 |
_2rdacontent _atext |
||
| 337 |
_2rdamedia _aunmediated |
||
| 338 |
_2rdacarrier _avolume |
||
| 490 | 1 | _aWater science | |
| 490 | 1 | _aFocus on Water Science | |
| 500 | _aIncludes index. | ||
| 500 | _aIncludes exercises and answers. | ||
| 650 | 1 | 0 |
_aHydrologic cycle _vJuvenile literature |
| 830 | 0 | _aWater science | |
| 830 | 0 | _aFocus on water science | |
| 942 |
_cB _2ddc |
||